<?xml version="1.0" encoding="UTF-8"?>
<record
    xmlns:xsi="http://www.w3.org/2001/XMLSchema-instance"
    xsi:schemaLocation="http://www.loc.gov/MARC21/slim http://www.loc.gov/standards/marcxml/schema/MARC21slim.xsd"
    xmlns="http://www.loc.gov/MARC21/slim">

  <leader>02191nam a2200361   4500</leader>
  <controlfield tag="001">85</controlfield>
  <controlfield tag="003">OSt</controlfield>
  <controlfield tag="005">20250528074011.0</controlfield>
  <controlfield tag="008">250123b        |||||||d |||| 00| 1 eng d</controlfield>
  <datafield tag="020" ind1=" " ind2=" ">
    <subfield code="a">8501063401</subfield>
  </datafield>
  <datafield tag="040" ind1=" " ind2=" ">
    <subfield code="b">por</subfield>
  </datafield>
  <datafield tag="041" ind1=" " ind2=" ">
    <subfield code="h">eng</subfield>
    <subfield code="a">por</subfield>
  </datafield>
  <datafield tag="082" ind1=" " ind2=" ">
    <subfield code="a">028.5</subfield>
    <subfield code="b">C116p</subfield>
  </datafield>
  <datafield tag="100" ind1="1" ind2=" ">
    <subfield code="a">Cabot, Meg,</subfield>
    <subfield code="d">1967-</subfield>
    <subfield code="9">199</subfield>
  </datafield>
  <datafield tag="240" ind1=" " ind2=" ">
    <subfield code="a">Princess in the spotlight</subfield>
  </datafield>
  <datafield tag="245" ind1=" " ind2=" ">
    <subfield code="a">A princesa:</subfield>
    <subfield code="b">Sob os refletores /</subfield>
    <subfield code="c">Cabot, Meg ; Tradu&#xE7;&#xE3;o de Ruy Jungmann</subfield>
  </datafield>
  <datafield tag="250" ind1=" " ind2=" ">
    <subfield code="a">10&#xB0; edi&#xE7;&#xE3;o</subfield>
  </datafield>
  <datafield tag="260" ind1=" " ind2=" ">
    <subfield code="a">Rio de Janeiro</subfield>
    <subfield code="b">Record</subfield>
    <subfield code="c">2006</subfield>
  </datafield>
  <datafield tag="300" ind1=" " ind2=" ">
    <subfield code="a">256 p.</subfield>
  </datafield>
  <datafield tag="490" ind1="1" ind2=" ">
    <subfield code="a">O di&#xE1;rio da Princesa</subfield>
    <subfield code="v">Livro 02</subfield>
  </datafield>
  <datafield tag="500" ind1=" " ind2=" ">
    <subfield code="a">A Princesa sob os refletores 

Sequ&#xEA;ncia de: O di&#xE1;rio da princesa</subfield>
  </datafield>
  <datafield tag="520" ind1=" " ind2=" ">
    <subfield code="a">O novo livro de Meg Cabot conta mais treze dias de hist&#xF3;rias do di&#xE1;rio de Mia, depois das revela&#xE7;&#xF5;es de O di&#xE1;rio da princesa. Depois de tantas reviravoltas, Mia acredita que as coisas est&#xE3;o acalmando-se. Ela continua tendo aulas de bons costumes com a av&#xF3; aristocrata, ou &#x201C;sess&#xF5;es de torturas&#x201D;, como diz, v&#xEA; a av&#xF3; vestindo seu bichinho de estima&#xE7;&#xE3;o com casacos de pele de chinchila e usando delineador permanente tatuado nos olhos. At&#xE9; que, um dia, &#xE9; informada que ser&#xE1; a atra&#xE7;&#xE3;o principal de um dos programas de entrevista mais populares dos Estados Unidos. Para completar, sua m&#xE3;e est&#xE1; gr&#xE1;vida de seu professor de &#xE1;lgebra e a pr&#xF3;pria Mia n&#xE3;o consegue mais esconder sua paix&#xE3;o pelo irm&#xE3;o de sua melhor amiga, Michael. Princesa sob os refletores &#xE9; mais um delicioso di&#xE1;rio imaginado por Meg Cabot, que revela os segredos de uma jovem sens&#xED;vel e em crise (como todo adolescente).

Uma hero&#xED;na encantadora com muitas hist&#xF3;rias para contar, Mia Thermopolis j&#xE1; conquistou o cora&#xE7;&#xE3;o de todas as adolescentes ao redor do mundo, que j&#xE1; aguardam ansiosas os pr&#xF3;ximos volumes dos di&#xE1;rios desta Cinderela &#xE0;s avessas.</subfield>
  </datafield>
  <datafield tag="650" ind1=" " ind2="0">
    <subfield code="a">Literatura Americana</subfield>
    <subfield code="9">84</subfield>
  </datafield>
  <datafield tag="650" ind1=" " ind2="0">
    <subfield code="a">Humor</subfield>
    <subfield code="9">60</subfield>
  </datafield>
  <datafield tag="650" ind1=" " ind2="0">
    <subfield code="a">Amor e Paix&#xE3;o</subfield>
    <subfield code="9">25</subfield>
  </datafield>
  <datafield tag="650" ind1=" " ind2="0">
    <subfield code="a">Infantojuvenil</subfield>
    <subfield code="9">200</subfield>
  </datafield>
  <datafield tag="650" ind1=" " ind2="0">
    <subfield code="a">Filme</subfield>
    <subfield code="9">26</subfield>
  </datafield>
  <datafield tag="655" ind1=" " ind2="0">
    <subfield code="a">Romance</subfield>
    <subfield code="9">23</subfield>
  </datafield>
  <datafield tag="655" ind1=" " ind2="0">
    <subfield code="a">Fic&#xE7;&#xE3;o </subfield>
    <subfield code="9">22</subfield>
  </datafield>
  <datafield tag="700" ind1=" " ind2=" ">
    <subfield code="a">Celina Cavalcante Falck-Cook</subfield>
    <subfield code="e">Tradutor</subfield>
    <subfield code="9">183</subfield>
  </datafield>
  <datafield tag="830" ind1=" " ind2=" ">
    <subfield code="a">O di&#xE1;rio da princesa</subfield>
    <subfield code="v">Livro 02</subfield>
    <subfield code="9">201</subfield>
  </datafield>
  <datafield tag="942" ind1=" " ind2=" ">
    <subfield code="2">ddc</subfield>
    <subfield code="n">0</subfield>
    <subfield code="c">BK</subfield>
  </datafield>
  <datafield tag="952" ind1=" " ind2=" ">
    <subfield code="0">0</subfield>
    <subfield code="1">0</subfield>
    <subfield code="2">ddc</subfield>
    <subfield code="3">vol. 02</subfield>
    <subfield code="4">0</subfield>
    <subfield code="7">0</subfield>
    <subfield code="8">FIC</subfield>
    <subfield code="a">BIBIB</subfield>
    <subfield code="b">BIBIB</subfield>
    <subfield code="c">IJ</subfield>
    <subfield code="d">2021-11-17</subfield>
    <subfield code="e">doa&#xE7;&#xE3;o</subfield>
    <subfield code="l">0</subfield>
    <subfield code="o">IJ 028.5 / C116p</subfield>
    <subfield code="p">2025-16653</subfield>
    <subfield code="r">2025-01-23 08:06:13</subfield>
    <subfield code="w">2025-01-23</subfield>
    <subfield code="y">BK</subfield>
  </datafield>
  <datafield tag="999" ind1=" " ind2=" ">
    <subfield code="c">85</subfield>
    <subfield code="d">85</subfield>
  </datafield>
</record>
